<?xml version="1.0" encoding="UTF-8"?>
<record
    xmlns:xsi="http://www.w3.org/2001/XMLSchema-instance"
    xsi:schemaLocation="http://www.loc.gov/MARC21/slim http://www.loc.gov/standards/marcxml/schema/MARC21slim.xsd"
    xmlns="http://www.loc.gov/MARC21/slim">

  <leader>02754nam a22003977a 4500</leader>
  <datafield tag="999" ind1=" " ind2=" ">
    <subfield code="c">21804</subfield>
    <subfield code="d">21804</subfield>
  </datafield>
  <controlfield tag="003">AR-CdUCM</controlfield>
  <controlfield tag="008">190425b           ||||| |||| 00| 0 spa d</controlfield>
  <datafield tag="040" ind1=" " ind2=" ">
    <subfield code="a">MUNICIPALIDAD PROVINCIAL DEL CUSCO</subfield>
    <subfield code="c">BIBLIOTECA MUNICIPAL DEL CUSCO</subfield>
  </datafield>
  <datafield tag="082" ind1=" " ind2=" ">
    <subfield code="a">Rev.Allp/N&#xB0;3/1971</subfield>
  </datafield>
  <datafield tag="110" ind1=" " ind2=" ">
    <subfield code="a">Instituto de Pastoral Andina</subfield>
    <subfield code="9">12766</subfield>
  </datafield>
  <datafield tag="245" ind1=" " ind2=" ">
    <subfield code="a">Allpanchis Phuturinqa :</subfield>
    <subfield code="b">Revista Anual /</subfield>
  </datafield>
  <datafield tag="260" ind1=" " ind2=" ">
    <subfield code="a">Cusco :</subfield>
    <subfield code="b">[Garcilaso],</subfield>
    <subfield code="c">1971.</subfield>
  </datafield>
  <datafield tag="300" ind1=" " ind2=" ">
    <subfield code="a">212 p&#xE1;ginas. :</subfield>
    <subfield code="c">20 cm.</subfield>
  </datafield>
  <datafield tag="440" ind1=" " ind2=" ">
    <subfield code="a">Revista del Instituto de Pastoral Andina Cusco</subfield>
    <subfield code="n">A&#xF1;o [ ], [ ] semestre de 1971, N&#xB0;3. Vol. III</subfield>
    <subfield code="9">46168</subfield>
  </datafield>
  <datafield tag="505" ind1=" " ind2=" ">
    <subfield code="a">Contenido: Apuntes sobre la cosmovisi&#xF3;n andina. -- Celebraci&#xF3;n y rito. -- La Pachamama. -- Suyunakuy. Carlos Vivanco Flores. -- Mosoq wata. Luis Dalle. -- Las Caba&#xF1;uelas. Carmela Cuba de Nordt. -- Sara Tarpuy. Juan Antonio Manya. -- Papa pajchay. Carlos Vivanco Flores. -- Kutipay. Luis Dalle. -- Ritos de lluvia. Carmela Cuba. -- La wak&#xB4;a awicha Anselma. Jorge Flores Ochoa. -- Chiaraje. Alfonsina Barrionuevo. -- Jatakatu. Jorge Choqueccahua. -- Fiesta de San Isidro patron de los agricultores. Mery Alinda S&#xE1;nchez Gamarra. -- Escarbe de papas. Jorge Choquehuanca. -- La cosecha del ma&#xED;z en Yucay. Justino Mayta Medina. -- El entroje. -- &#xBF;Puede un campesino cristiano ofrecer un pago a la tierra?. Manuel Marzal. -- Culto a los animales. -- El hombre y los animales en la cultura quechua. Edgardo Cayon Armelia. -- Fiesta del ganado. Ginette Merelle Lucette Roy. -- Fiesta del ganado vacuno. Paulino Delgado Urquizo. -- La noche de San Juan en la versi&#xF3;n Chanca. Carlos Vivanco Flores. -- La velada del ganado en la noche de San Juan. Carmela Cuba de Nordt. -- Fiesta del cordero. Luis Alberto Paz Villaroel. -- El se&#xF1;alasqa en el mundo Aymara. Jorge Choqueccahua. -- El se&#xF1;alakuy. Julio Delgado Arag&#xF3;n. -- Ritual para el deg&#xFC;ello de un toro. -- Reflexi&#xF3;n pastoral sobre los ritos ind&#xED;genas. Jaime Regan.</subfield>
  </datafield>
  <datafield tag="650" ind1=" " ind2=" ">
    <subfield code="a">Cultura andina</subfield>
    <subfield code="9">46160</subfield>
  </datafield>
  <datafield tag="650" ind1=" " ind2=" ">
    <subfield code="a">Antropolog&#xED;a cusque&#xF1;a</subfield>
    <subfield code="9">45862</subfield>
  </datafield>
  <datafield tag="650" ind1=" " ind2=" ">
    <subfield code="a">Religiosidad andina</subfield>
    <subfield code="9">44127</subfield>
  </datafield>
  <datafield tag="650" ind1=" " ind2=" ">
    <subfield code="a">Constumbres y tradiciones</subfield>
    <subfield code="9">46161</subfield>
  </datafield>
  <datafield tag="650" ind1=" " ind2=" ">
    <subfield code="a">Ritos andinos</subfield>
    <subfield code="9">6634</subfield>
  </datafield>
  <datafield tag="650" ind1=" " ind2=" ">
    <subfield code="a">Ritos agr&#xED;colas</subfield>
    <subfield code="9">46169</subfield>
  </datafield>
  <datafield tag="650" ind1=" " ind2=" ">
    <subfield code="a">Ritos ganaderos</subfield>
    <subfield code="9">46170</subfield>
  </datafield>
  <datafield tag="700" ind1=" " ind2=" ">
    <subfield code="a">Marzal, Manuel</subfield>
    <subfield code="9">46162</subfield>
  </datafield>
  <datafield tag="700" ind1=" " ind2=" ">
    <subfield code="a">Vivanco Flores, Carlos</subfield>
    <subfield code="9">46171</subfield>
  </datafield>
  <datafield tag="700" ind1=" " ind2=" ">
    <subfield code="a">Cuba de Nordt, Carmela</subfield>
    <subfield code="9">46172</subfield>
  </datafield>
  <datafield tag="700" ind1=" " ind2=" ">
    <subfield code="a">Flores Ochoa, Jorge</subfield>
    <subfield code="9">2915</subfield>
  </datafield>
  <datafield tag="700" ind1=" " ind2=" ">
    <subfield code="a">S&#xE1;nchez Gamarra, Mery Alinda</subfield>
    <subfield code="9">46173</subfield>
  </datafield>
  <datafield tag="700" ind1=" " ind2=" ">
    <subfield code="a">Mayta Medina, Justino</subfield>
    <subfield code="9">46174</subfield>
  </datafield>
  <datafield tag="700" ind1=" " ind2=" ">
    <subfield code="a">Cayon Armelia, Edgardo</subfield>
    <subfield code="9">46175</subfield>
  </datafield>
  <datafield tag="700" ind1=" " ind2=" ">
    <subfield code="a">Delgado Urquizo, Paulino</subfield>
    <subfield code="9">46176</subfield>
  </datafield>
  <datafield tag="700" ind1=" " ind2=" ">
    <subfield code="a">Paz Villaroel, Luis Alberto</subfield>
    <subfield code="9">46177</subfield>
  </datafield>
  <datafield tag="700" ind1=" " ind2=" ">
    <subfield code="a">Delgado Arag&#xF3;n, Julio</subfield>
    <subfield code="9">46178</subfield>
  </datafield>
  <datafield tag="942" ind1=" " ind2=" ">
    <subfield code="2">ddc</subfield>
    <subfield code="c">PP</subfield>
  </datafield>
  <datafield tag="945" ind1=" " ind2=" ">
    <subfield code="a">rac</subfield>
  </datafield>
  <datafield tag="952" ind1=" " ind2=" ">
    <subfield code="0">0</subfield>
    <subfield code="2">ddc</subfield>
    <subfield code="4">0</subfield>
    <subfield code="7">0</subfield>
    <subfield code="a">HEM</subfield>
    <subfield code="b">HEM</subfield>
    <subfield code="c">CART</subfield>
    <subfield code="d">2021-08-10</subfield>
    <subfield code="g">10.00</subfield>
    <subfield code="o">Rev.Allp/N&#xB0;3/1971</subfield>
    <subfield code="p">REVC000270</subfield>
    <subfield code="r">2021-08-10</subfield>
    <subfield code="y">PP</subfield>
  </datafield>
  <datafield tag="952" ind1=" " ind2=" ">
    <subfield code="0">0</subfield>
    <subfield code="2">ddc</subfield>
    <subfield code="4">0</subfield>
    <subfield code="7">0</subfield>
    <subfield code="a">HEM</subfield>
    <subfield code="b">HEM</subfield>
    <subfield code="c">CART</subfield>
    <subfield code="d">2021-08-10</subfield>
    <subfield code="g">10.00</subfield>
    <subfield code="o">Rev.Allp/N&#xB0;3/1971/e.2</subfield>
    <subfield code="p">REVC000271</subfield>
    <subfield code="r">2021-08-10</subfield>
    <subfield code="y">PP</subfield>
  </datafield>
  <datafield tag="952" ind1=" " ind2=" ">
    <subfield code="0">0</subfield>
    <subfield code="2">ddc</subfield>
    <subfield code="4">0</subfield>
    <subfield code="7">0</subfield>
    <subfield code="a">HEM</subfield>
    <subfield code="b">HEM</subfield>
    <subfield code="c">CART</subfield>
    <subfield code="d">2021-08-10</subfield>
    <subfield code="g">10.00</subfield>
    <subfield code="o">Rev.Allp/N&#xB0;3/1971/e.3</subfield>
    <subfield code="p">REVC000272</subfield>
    <subfield code="r">2021-08-10</subfield>
    <subfield code="y">PP</subfield>
  </datafield>
</record>
